| 000 | 00719nam a22001937a 4500 | ||
|---|---|---|---|
| 005 | 20251108164040.0 | ||
| 008 | 250721s1995 xx 000 0 ara d | ||
| 082 | 1 | 4 | _a321.4/سلو |
| 100 | 1 |
_aبانفيلد، إدوارد سي _eمؤلف |
|
| 245 | 1 | 0 | _aالسلوك الحضاري و المواطنه في المجتمعات الديمقراطية الليبرالية / |
| 264 | 1 |
_aعمان : _bدار النسر، _c1995. |
|
| 300 | _a192ص. | ||
| 490 | 0 | _aالمجتمعات الديمقراطية الليبرالية : حاضرها و مستقبلها | |
| 650 | 1 | 7 | _aالديمقراطية |
| 650 | 1 | 7 | _aالليبرالية |
| 700 | 1 |
_aنصار، عزت _eترجمة |
|
| 942 |
_2ddc _cBK |
||
| 999 |
_c2337 _d2337 |
||